Mythical Creatures Spelling Bee Quiz Stats

 Plays Quiz not verified by Sporcle

Support Sporcle.
Go Orange.
Score 0/15 Timer 00:45
12 Plays Today
% Correct
???
83%
???
80.6%
???
78.5%
???
77.8%
???
75.9%
???
75.7%
???
73.3%
???
65.9%
% Correct
???
64.2%
???
61%
???
57.8%
???
48.5%
???
46.4%
???
44.4%
???
31.6%

You're not logged in!

Compare scores with friends on all Sporcle quizzes.
OR
Log In

From the Vault

'Dis' or 'Dat' Word Blitz

by MrChewypoo

Sometimes decisions are hard. These ones make you choose without having to think about it!
Remove Ads.
Support Sporcle.
Get the best of Sporcle when you Go Orange. This ad-free experience offers more features, more stats, and more fun while also helping to support Sporcle. Thank you for becoming a member.

Show Comments

Extras

Top Quizzes Today


Score Distribution

Your Account Isn't Verified!

In order to create a playlist on Sporcle, you need to verify the email address you used during registration. Go to your Sporcle Settings to finish the process.

Report this User

Report this user for behavior that violates our Community Guidelines.

Details: